Valores pb︢licos y sector privado, ¿una cuestin̤ de control o de confianza?

Bibliographic Details
Main Author: Parrado De̕z, Salvador
Format: eBook
Language:Spanish
Published: Madrid: Instituto Nacional de Administracin̤ Pb︢lica (INAP), 2017
Subjects:
Online Access:Acceso restringido

MARC

LEADER 00000nam a22000007a 4500
005 20180330225625.0
007 cr|||| ||||
008 180330s2017 es |||||s|||| 00||0 spa d
020 |a 978-84-7351-605-1 
035 |a 21271 
040 |a vLex 
090 |c 7600  |d 7600 
100 1 |a Parrado De̕z, Salvador 
245 1 0 |a Valores pb︢licos y sector privado, ¿una cuestin̤ de control o de confianza?  |h [Recurso electrn̤ico] /  |c Salvador Parrado De̕z 
256 |a Servicio en ln̕ea 
260 |a Madrid:  |b Instituto Nacional de Administracin̤ Pb︢lica (INAP),  |c 2017 
300 |a 1 recurso electrn̤ico 
506 1 |a Disponible solo en los productos indicados  |d vLex Global  |d vLex Global (Academic Edition, excluding Law Schools)  |d vLex Global (U.S. Academic Edition, Law Schools)  |d vLex Global (U.S. Academic Edition, excluding Law Schools)  |d vLex Global (Academic Edition, Law Schools) 
650 0 4 |a Derecho Pb︢lico y Administrativo  |z Espaą 
740 0 |a vLex Libros (Servicio en ln̕ea) 
856 4 0 |u http://vlex.com/source/valores-publicos-y-sector-privado-una-cuestion-de-control-o-de-confianza--21271  |z Acceso restringido 
942 |c BOOK 
999 0 |a Public and Administrative Law